Later Shakespeare / (Record no. 76798)
[ view plain ]
| 000 -LEADER | |
|---|---|
| fixed length control field | 01610cam a22003131 4500 |
| 001 - CONTROL NUMBER | |
| control field | 76798 |
| 003 - CONTROL NUMBER IDENTIFIER | |
| rucl marc code | BD-RjUL |
| 005 - DATE AND TIME OF LATEST TRANSACTION | |
| control field | 20211209082905.0 |
| 008 - FIXED-LENGTH DATA ELEMENTS--GENERAL INFORMATION | |
| fixed length control field | 731212t19671966nyua 000 0beng |
| 035 ## - SYSTEM CONTROL NUMBER | |
| System control number | (BD-RjUL)77022 |
| 040 ## - CATALOGING SOURCE | |
| Original cataloging agency | DLC |
| Transcribing agency | DLC |
| Modifying agency | DLC |
| Language of cataloging | eng |
| 041 ## - LANGUAGE CODE | |
| Language code of text/sound track or separate title | eng |
| 082 00 - DEWEY DECIMAL CLASSIFICATION NUMBER | |
| Classification number | 822/.3/3 |
| Edition number | 23 |
| Author mark and year | LAT 1966 |
| 245 00 - TITLE STATEMENT | |
| Title | Later Shakespeare / |
| Statement of responsibility, etc. | ed.by John Russel Brown and Bernard Harris |
| 260 ## - PUBLICATION, DISTRIBUTION, ETC. (IMPRINT) | |
| Place of publication, distribution, etc. | New York: |
| Name of publisher, distributor, etc. | St. Martin's Press, |
| Date of publication, distribution, etc. | [c1966] |
| 300 ## - PHYSICAL DESCRIPTION | |
| Pagination | 264 p. : |
| Illustrations | ill, ; |
| Size | 23 cm. |
| 505 0# - FORMATTED CONTENTS NOTE | |
| Formatted contents note | The last tragic heroes, by G. K. Hunter.--The ethic of the imagination; love and art in Antony and Cleopatra, by R. Ornstein.--Shakespeare and romance, by S. Wells.--Word and picture in final plays, by F. Berry.--Laughter in the last plays, by J. R. Brown.--The staging of the last plays, by D. Seltzer.--Coriolanus; Shakespeare's tragedy in rehearsal and performance, by G. Wickham.--The tempest; conventions of art and empire, by P. Brockbank.--What's past is prologue; Cymbeline and Henry VIII, by B. Harris.--Shakespeare and the new dramatists of the King's Men, 1606-1613, by R. Proudfoot. |
| 600 10 - SUBJECT ADDED ENTRY--PERSONAL NAME | |
| Personal name | Shakespeare, William, |
| Dates associated with a name | 1564-1616 |
| General subdivision | Tragedies. |
| Personal name | Shakespeare, William, |
| Dates associated with a name | 1564-1616 |
| General subdivision | Tragicomedies. |
| 650 #0 - SUBJECT ADDED ENTRY--TOPICAL TERM | |
| Topical term or geographic name as entry element | Tragicomedy |
| General subdivision | History and criticism. |
| 9 (RLIN) | 54213 |
| Topical term or geographic name as entry element | Tragedy. |
| 9 (RLIN) | 237940 |
| 700 ## - ADDED ENTRY--PERSONAL NAME | |
| Personal name | Brown, John Russel |
| Personal name | Harris, Bernard |
| 906 ## - LOCAL DATA ELEMENT F, LDF (RLIN) | |
| a | 7 |
| b | cbc |
| c | orignew |
| d | u |
| e | ocip |
| f | 19 |
| g | y-gencatlg |
| 942 ## - ADDED ENTRY ELEMENTS (KOHA) | |
| Source of classification or shelving scheme | Dewey Decimal Classification |
| Koha item type | Books |
| Lost status | Source of classification or shelving scheme | Damaged status | Not for loan | Collection code | Permanent Location | Current Location | Shelving location | Date acquired | Source of acquisition | Cost, normal purchase price | Total Checkouts | Full call number | Date last seen | Copy number | Koha item type |
|---|---|---|---|---|---|---|---|---|---|---|---|---|---|---|---|
| Dewey Decimal Classification | Non-fiction | Central Library, University of Rajshahi | Central Library, University of Rajshahi | 02/07/1968 | Swets & Zeitlinger | 25.00 | 822.33 LAT 1966 | 20/01/2020 | C-2 | Books | |||||
| Dewey Decimal Classification | Not For Loan | Non-fiction | Central Library, University of Rajshahi | Central Library, University of Rajshahi | Reading Room | 02/07/1968 | Swets & Zeitlinger | 25.00 | 822.33 LAT 1966 | 20/01/2020 | C-1 | Books |